000 00301nam a22001337a 4500
008 170623b xxu||||| |||| 00| 0 eng d
020 _a9780312167424
041 _aeng
080 _a324
100 _a21
101 _aSHP
245 _aTHE ROAD TO THE WHITE HOUSE 2000
_cWAYNE,S,J
942 _2udc
_cBK
999 _c18867
_d18867